000 00510nam a2200169Ia 4500
008 230917s9999||||xx |||||||||||||| ||und||
020 _cRS 495.00
040 _e5010580
_aMAIN
041 _aEnglish
082 _a547.2 B239O
100 _aBari, Sanjay B
245 0 _aOrganic name reactions: Principles, mechanisms and applications
260 _aHyderabad
_bPharmaMed Press
_c2021
300 _axii, 466 p.
500 _a4175 12/11/2021 PBA22/318 25/11/2021 Pharmaceutical Sciences (Non- Plan)
942 _cBK
999 _c3349
_d3349